00582nam a22001577a 450000500170000000800410001702000240005804000130008208200230009510000190011824501950013725000130033226000330034530000110037865000350038920260227101759.0260227b |||||||| |||| 00| 0 eng d a9781394243549 (pbk) cPK-LaUMT a658.4038011bTUR-I aTurban, Efraim aInformation technology for management :bnavigating the digital divide to enhance local and global performance, growth, and sustainability /cby Efraim Turban, Carol Pollard and Gregory Wood a13th ed. aHoboken :bJohn Wiley,c2025 a688 p. aManagement information systems